| 000 | 01583cam a22004694i 4500 | ||
|---|---|---|---|
| 003 | PE-LiUPU | ||
| 005 | 20250731173150.0 | ||
| 008 | 150623s r 000 0 d | ||
| 020 | _a0882434640 | ||
| 035 | _a(Sirsi) i9780882434643 | ||
| 040 |
_aPE-LiUPU _bspa _cPE-LiUPU _erda |
||
| 049 | _aPRUA | ||
| 082 | 0 | 4 |
_a266.001 _bY74 _221 |
| 100 | 1 |
_aYork, John V., _d1944-, _eautor. |
|
| 245 | 1 | 0 |
_aMissions in the age of the spirit / _cJohn V. York. |
| 264 | 1 |
_aSpringfield, Missouri : _bLogion Press, _c2001. |
|
| 300 |
_a270 páginas ; _c22 centímetros |
||
| 336 |
_atext _2rdacontent |
||
| 337 |
_aunmediated _2rdamedia |
||
| 338 |
_avolume _2rdacarrier |
||
| 504 | _aIncluye bibliografía. | ||
| 505 | 0 | _aReading the Bible missiologically. Missions through the centuries. The challenge of the future. | |
| 526 | _aSEG42 | ||
| 526 | _aSEG41 | ||
| 526 | _aSEG40 | ||
| 526 | _aSEG39 | ||
| 526 | _aP94 | ||
| 526 | _aP87 | ||
| 526 | _aP86 | ||
| 526 | _aP85 | ||
| 526 | _aP77 | ||
| 526 | _aP76 | ||
| 526 | _aP35 | ||
| 650 | 0 | 4 |
_aAsambleas de Dios _xDoctrinas. |
| 650 | 0 | 4 |
_aMisiones _xEnseñanza bíblica. |
| 942 |
_2ddc _cBOOK |
||
| 949 |
_a266.001 Y74 _wDEWEY _c1 _i53436 _lCCODEBUL1 _mBUL _p11.00 _r0 _sY _tBOOK _u2015-6-24 _xTEOLOGIA _PP35 _0COMPRA _o.STAFF. Colección General |
||
| 994 |
_aC0 _bPEPRU |
||
| 596 | _a1 | ||
| 999 |
_a266.001 Y74 _wDEWEY _c35407 _i53436 _f2021-11-10 _g5 _lCCODEBUL1 _mBUL _p11.00 _q1 _r0 _sY _tBOOK _u2015-6-24 _xTEOLOGIA _PP35 _0COMPRA _o.STAFF. Colección General _d35407 |
||
| 980 |
_81 _gALBERTO SANCHEZ Responsable de Automatización |
||